[Event "26th EUR-ch"]
[Site "Katowice POL"]
[Date "2026.04.13"]
[Round "6.115"]
[White "Schippke, Manon"]
[Black "Sanikidze, Tornike"]
[Result "1-0"]
[WhiteElo "2269"]
[BlackElo "2432"]
[EventDate "2026.04.07"]
[PlyCount "83"]

1.d4 Nf6 2.c4 e6 3.Nf3 d5 4.Nc3 c6 5.e3 Nbd7 6.Qc2 a6 7.b3 Bd6 8.Be2 O-O 
9.O-O dxc4 10.bxc4 c5 11.h3 h6 12.Bb2 b6 13.Rad1 Qc7 14.d5 Re8 15.dxe6 
Rxe6 16.Nh4 Bb7 17.Nf5 Bf8 18.Nd5 Nxd5 19.cxd5 Ree8 20.f4 Qd8 21.Rf3 Nf6 
22.Rg3 Kh8 23.Nxh6 gxh6 24.Qf5 Bg7 25.Bd3 Bc8 26.Bxf6 Bxf5 27.Bxg7+ Kg8 
28.Bf6+ Kf8 29.Bxd8 Bxd3 30.Bxb6 c4 31.Bc5+ Re7 32.e4 Bxe4 33.Rd4 f5 34.
Bxe7+ Kxe7 35.d6+ Ke6 36.d7 Rd8 37.Rg6+ Kf7 38.Rxa6 c3 39.Ra3 c2 40.Rc3 h5
41.Kf2 Ke7 42.g3 1-0

[Event "26th EUR-ch"]
[Site "Katowice POL"]
[Date "2026.04.13"]
[Round "6.116"]
[White "Mirski, Stanislaw"]
[Black "Makkar, Rajat"]
[Result "0-1"]
[WhiteElo "2266"]
[BlackElo "2422"]
[EventDate "2026.04.07"]
[PlyCount "80"]

1.d4 Nf6 2.c4 e6 3.Nf3 Bb4+ 4.Bd2 Qe7 5.a3 Bxd2+ 6.Nbxd2 d6 7.Qc2 O-O 8.e3
e5 9.Bd3 Bg4 10.dxe5 dxe5 11.h3 Bxf3 12.gxf3 Nbd7 13.Ne4 a5 14.Rg1 g6 15.
O-O-O Nxe4 16.Bxe4 Nc5 17.Bd3 Rfd8 18.Rge1 Rd6 19.Qe2 Nb3+ 20.Kb1 Rad8 21.
c5 Nxc5 22.Bc2 b6 23.Rxd6 Rxd6 24.Rd1 Kg7 25.Rxd6 Qxd6 26.h4 h5 27.Qe1 Qf6
28.Qh1 e4 29.fxe4 Qxf2 30.Qd1 Qxe3 31.Qh1 Ne6 32.Qh2 Qf4 33.Qh3 Qd2 34.Bb3
Qe1+ 35.Ka2 Qxe4 36.Qg3 c5 37.Qc3+ Qd4 38.Qh3 c4 39.Bc2 Qd2 40.Bxg6 Kxg6 
0-1

[Event "26th EUR-ch"]
[Site "Katowice POL"]
[Date "2026.04.13"]
[Round "6.117"]
[White "Lehaci, Miruna-Daria"]
[Black "Kusa, Jakub"]
[Result "1-0"]
[WhiteElo "2258"]
[BlackElo "2406"]
[EventDate "2026.04.07"]
[PlyCount "49"]

1.e4 c6 2.d4 d5 3.e5 Bf5 4.g4 Be4 5.f3 Bg6 6.e6 Qd6 7.exf7+ Bxf7 8.Nc3 e5 
9.dxe5 Qxe5+ 10.Nge2 Bc5 11.Bf4 Qf6 12.Qd2 Ne7 13.g5 Qe6 14.O-O-O O-O 15.
h4 Ng6 16.Na4 Bf2 17.Rh2 Bxh4 18.Nd4 Qe8 19.Bd3 Nxf4 20.Qxf4 Bg6 21.Qxh4 
Qe3+ 22.Kb1 Rf4 23.Qh3 Rxd4 24.Qc8+ Be8 25.Nc3 1-0

[Event "26th EUR-ch"]
[Site "Katowice POL"]
[Date "2026.04.13"]
[Round "6.118"]
[White "Turski, Bartlomiej"]
[Black "Perets, Dmytro"]
[Result "1-0"]
[WhiteElo "2404"]
[BlackElo "2253"]
[EventDate "2026.04.07"]
[PlyCount "83"]

1.e4 e5 2.Nc3 Nc6 3.Bc4 Nf6 4.d3 Na5 5.Qf3 c6 6.Nge2 d6 7.Bb3 Nxb3 8.axb3 
Be7 9.h3 Be6 10.O-O O-O 11.d4 Qc7 12.Qg3 Kh8 13.Be3 a6 14.f4 Nh5 15.Qf3 
Nxf4 16.Nxf4 exf4 17.Bxf4 Bf6 18.Rad1 Rad8 19.Kh1 Bc8 20.Qg3 Qe7 21.Rd3 
Bh4 22.Qe3 Qe8 23.d5 c5 24.e5 Bf5 25.Rd2 dxe5 26.Bxe5 Bg6 27.Na4 Be7 28.
Bc7 Rd7 29.d6 Bd8 30.Qxe8 Rxe8 31.Nxc5 Rxc7 32.dxc7 Bxc7 33.Nxb7 h5 34.Nc5
a5 35.Nd3 Re4 36.Re1 Rd4 37.Red1 Bg3 38.Ne5 Bxe5 39.Rxd4 Bxd4 40.Rxd4 Bxc2
41.Rd5 Bxb3 42.Rxh5+ 1-0

[Event "26th EUR-ch"]
[Site "Katowice POL"]
[Date "2026.04.13"]
[Round "6.119"]
[White "Boci, Mateu"]
[Black "Czernek, Tymon"]
[Result "1-0"]
[WhiteElo "2256"]
[BlackElo "2401"]
[EventDate "2026.04.07"]
[PlyCount "87"]

1.e4 c5 2.Nf3 d6 3.Bc4 Nf6 4.d3 e6 5.O-O Be7 6.c3 O-O 7.Bb3 Nc6 8.Re1 b5 
9.d4 e5 10.d5 Na5 11.Bc2 Rb8 12.b3 Ne8 13.Nbd2 g6 14.b4 Nb7 15.a4 bxa4 16.
Bxa4 cxb4 17.cxb4 a5 18.Ba3 f5 19.bxa5 Nxa5 20.Nxe5 Bf6 21.Nc6 Nxc6 22.
dxc6 Be6 23.Rc1 fxe4 24.Nxe4 Be5 25.g3 Qb6 26.Nc5 Nc7 27.Rxe5 dxe5 28.Qe2 
Rf5 29.Bc2 Qa5 30.Bxf5 Bxf5 31.Qa2+ Kh8 32.Nb7 Qa4 33.Qa1 Re8 34.Nd6 Re6 
35.Qb2 Kg7 36.Nxf5+ gxf5 37.Bf8+ Kg6 38.Qd2 f4 39.Qd7 Qa5 40.g4 Kg5 41.
Qxh7 Kxg4 42.h3+ Kg5 43.Kh2 Kf6 44.Rg1 1-0

[Event "26th EUR-ch"]
[Site "Katowice POL"]
[Date "2026.04.13"]
[Round "6.120"]
[White "Salimova, Nurgyul"]
[Black "Bourg, Nicolas"]
[Result "1/2-1/2"]
[WhiteElo "2399"]
[BlackElo "2249"]
[EventDate "2026.04.07"]
[PlyCount "162"]

1.Nf3 d6 2.d4 f5 3.c4 Nf6 4.Nc3 g6 5.Bf4 Bg7 6.e3 Nc6 7.d5 e5 8.dxe6 Bxe6 
9.Ng5 Bg8 10.Qb3 h6 11.Nf3 Qd7 12.O-O-O Bf7 13.h3 b5 14.g4 Rb8 15.gxf5 
bxc4 16.Qa4 g5 17.Bg3 Rb4 18.Ne5 Rxa4 19.Nxd7 Ra5 20.Nxf6+ Bxf6 21.Ne4 Ke7
22.Nxf6 Kxf6 23.f4 Rxa2 24.Be1 Ra1+ 25.Kc2 Rxd1 26.Bc3+ Kxf5 27.Bxh8 Ra1 
28.Kc3 Rd1 29.Kc2 Bd5 30.Kxd1 Bxh1 31.fxg5 hxg5 32.Bxc4 Bg2 33.Ba6 Ne7 34.
b4 Bxh3 35.Bd4 g4 36.Bb7 g3 37.Ke1 c6 38.Bxa7 Ke6 39.Ke2 Bg4+ 40.Kf1 Kd7 
41.Kg2 Be2 42.Bb8 Bd3 43.Kxg3 Nd5 44.e4 Bxe4 45.b5 cxb5 46.Bxd5 Bxd5 47.
Kf4 b4 48.Ke3 Kc6 49.Kd3 Be6 50.Kd4 Bf7 51.Kd3 Kc5 52.Ba7+ Kd5 53.Bb8 Bg6+
54.Kd2 Kc5 55.Bc7 d5 56.Kc1 Kc4 57.Kb2 Be8 58.Bd6 Ba4 59.Be7 Bd1 60.Bf8 
Ba4 61.Be7 d4 62.Bf8 Bd1 63.Be7 Bg4 64.Bf8 Bf5 65.Be7 Bg6 66.Bf8 d3 67.Bh6
Bf7 68.Bg5 Kb5 69.Bh6 Kc5 70.Bf8+ Kc4 71.Bh6 Kd4 72.Bd2 b3 73.Bh6 Ke4 74.
Bg5 Kf3 75.Bh6 Ke2 76.Kc1 Bg6 77.Bg5 Kf3 78.Bh6 Kg4 79.Bd2 Kf3 80.Bh6 Ke4 
81.Kb2 Bf7 1/2-1/2

[Event "26th EUR-ch"]
[Site "Katowice POL"]
[Date "2026.04.13"]
[Round "6.121"]
[White "Romanyshyn, Oleh"]
[Black "Kanov, Nikola"]
[Result "1/2-1/2"]
[WhiteElo "2255"]
[BlackElo "2398"]
[EventDate "2026.04.07"]
[PlyCount "123"]

1.d4 Nf6 2.Nf3 e6 3.g3 c5 4.Bg2 cxd4 5.Nxd4 d5 6.O-O e5 7.Nb3 a5 8.a4 Be6 
9.Nc3 Be7 10.Bg5 Nbd7 11.f4 exf4 12.Bxf4 O-O 13.Kh1 Qc8 14.Nb5 Nh5 15.Bd6 
Bxd6 16.Nxd6 Qb8 17.Nf5 Ndf6 18.Qd4 Bxf5 19.Rxf5 Qc8 20.g4 Qxc2 21.Rf3 
Rfe8 22.Rc1 Qxe2 23.gxh5 Rac8 24.Rg1 Rc4 25.Qf2 Qxf2 26.Rxf2 Rxa4 27.Nc5 
Rh4 28.Bf3 b6 29.Nd3 Kf8 30.Re2 Rxe2 31.Bxe2 Nxh5 32.Bf3 Nf6 33.Rc1 Ke7 
34.Rc7+ Kd6 35.Rxf7 Rd4 36.Be2 Re4 37.Bf1 b5 38.Ra7 a4 39.Rxg7 b4 40.Ra7 
b3 41.Ra6+ Ke7 42.Nc5 Re1 43.Kg2 Rc1 44.Nxa4 Rc2+ 45.Kf3 Rxh2 46.Bd3 Rh3+ 
47.Ke2 h5 48.Bf5 Rh1 49.Kd2 h4 50.Re6+ Kf7 51.Re3 Rf1 52.Be6+ Kg6 53.Rxb3 
d4 54.Nc5 Nh5 55.Ne4 Nf4 56.Rb6 Rg1 57.Bd7+ Kg7 58.Rb7 Kg6 59.Rb6+ Kg7 60.
Rb7 Kg6 61.Rb6+ Kg7 62.Rb7 1/2-1/2

[Event "26th EUR-ch"]
[Site "Katowice POL"]
[Date "2026.04.13"]
[Round "6.122"]
[White "Veljanoski, Andrej"]
[Black "Balacek, Tadeas"]
[Result "0-1"]
[WhiteElo "2255"]
[BlackElo "2396"]
[EventDate "2026.04.07"]
[PlyCount "92"]

1.e4 e6 2.d4 d5 3.Nc3 Nf6 4.e5 Nfd7 5.f4 c5 6.Nf3 Nc6 7.Be3 Be7 8.a3 b6 9.
Qd2 O-O 10.h4 f6 11.dxc5 Nxc5 12.O-O-O Bb7 13.h5 Qc7 14.b4 Ne4 15.Nxe4 
dxe4 16.Qd7 Qxd7 17.Rxd7 Bc8 18.Rc7 exf3 19.Rxc6 Bb7 20.Rc7 fxg2 21.Bxg2 
Bxg2 22.Rg1 Rf7 23.Rxg2 Bxb4 24.Rc6 Bxa3+ 25.Kb1 fxe5 26.fxe5 Re8 27.Ka2 
Bf8 28.Bg5 Be7 29.Rxe6 Kf8 30.Be3 Bc5 31.Bxc5+ bxc5 32.Rxe8+ Kxe8 33.Kb3 
Kd7 34.Kc4 Kc6 35.Rg4 a5 36.e6 Ra7 37.Rf4 Kd6 38.Rf5 a4 39.Rxc5 a3 40.Rd5+
Kxe6 41.Rd1 a2 42.Ra1 Kd6 43.Kb5 Kc7 44.c3 g5 45.Kc5 g4 46.Kd4 Kc6 0-1

[Event "26th EUR-ch"]
[Site "Katowice POL"]
[Date "2026.04.13"]
[Round "6.123"]
[White "Kiolbasa, Oliwia"]
[Black "Karpus, Michal"]
[Result "0-1"]
[WhiteElo "2394"]
[BlackElo "2243"]
[EventDate "2026.04.07"]
[PlyCount "74"]

1.e4 e6 2.d4 d5 3.Nc3 Nf6 4.e5 Nfd7 5.Nce2 c5 6.c3 Nc6 7.f4 Qb6 8.Nf3 Be7 
9.g4 f6 10.h4 O-O 11.g5 cxd4 12.exf6 gxf6 13.cxd4 e5 14.dxe5 fxe5 15.Qxd5+
Kh8 16.Nc3 Nc5 17.Qd2 Be6 18.Nd5 Bxd5 19.Qxd5 Rad8 20.Qc4 Nd4 21.Nxe5 Ne4 
22.Nd3 Rc8 23.Qd5 Nc2+ 24.Ke2 Ng3+ 25.Kf3 Nxh1 26.b3 Ne1+ 27.Nxe1 Rc3+ 28.
Bd3 Qf2+ 29.Kg4 Rxc1 30.Qe5+ Bf6 31.Qd6 Qg1+ 32.Kf3 Qg3+ 33.Ke4 Rxe1+ 34.
Rxe1 Nf2+ 35.Kd5 Qxd3+ 36.Ke6 Re8+ 37.Kf7 Qg6# 0-1

[Event "26th EUR-ch"]
[Site "Katowice POL"]
[Date "2026.04.13"]
[Round "6.124"]
[White "Saraci, Korab"]
[Black "Maltsevskaya, Aleksandra"]
[Result "1/2-1/2"]
[WhiteElo "2251"]
[BlackElo "2393"]
[EventDate "2026.04.07"]
[PlyCount "62"]

1.e4 c5 2.Nf3 d6 3.c3 Nf6 4.h3 g6 5.Bd3 Bg7 6.O-O O-O 7.Re1 Nc6 8.Bf1 e5 
9.d4 cxd4 10.cxd4 exd4 11.Nxd4 Nxd4 12.Qxd4 Re8 13.Qd3 d5 14.e5 Ne4 15.Nc3
Nxc3 16.Qxc3 d4 17.Qg3 Qa5 18.Bf4 Bf5 19.Bc4 Be6 20.Qb3 Bxc4 21.Qxc4 Rad8 
22.e6 Qd5 23.exf7+ Qxf7 24.Rxe8+ Rxe8 25.Qxf7+ Kxf7 26.Kf1 Re4 27.g3 d3 
28.Rd1 Bxb2 29.Rxd3 Bf6 30.Be3 a6 31.Rd7+ Re7 1/2-1/2

[Event "26th EUR-ch"]
[Site "Katowice POL"]
[Date "2026.04.13"]
[Round "6.125"]
[White "Rubes, Jan"]
[Black "Zalega, Maciej"]
[Result "0-1"]
[WhiteElo "2393"]
[BlackElo "2233"]
[EventDate "2026.04.07"]
[PlyCount "82"]

1.d4 e6 2.Nf3 b6 3.Bf4 Bb7 4.e3 Be7 5.h3 f5 6.c4 Nf6 7.Nc3 O-O 8.Be2 Ne4 
9.Nxe4 fxe4 10.Nd2 Bg5 11.Bh2 Bxe3 12.fxe3 Qg5 13.Rf1 Na6 14.Bf4 Qxg2 15.
Qa4 d6 16.c5 e5 17.c6 Bc8 18.Bxa6 Bxa6 19.Qxa6 exf4 20.Qc4+ Kh8 21.Qe2 
Qg3+ 22.Qf2 Qxh3 23.Nc4 Qe6 24.b3 f3 25.O-O-O Qd5 26.Rh1 b5 27.Na5 Rf6 28.
Kb1 Raf8 29.Rdg1 Qf7 30.Rh4 Rg6 31.Rgh1 h6 32.R1h2 Qe7 33.b4 Rg2 34.Qf1 
Qg5 35.Rh1 Qxe3 36.Nb3 Qe2 37.Qxe2 fxe2 38.Re1 Rf1 39.Rh1 Rxh1 40.Rxh1 Rf2
41.Nd2 e3 0-1

[Event "26th EUR-ch"]
[Site "Katowice POL"]
[Date "2026.04.13"]
[Round "6.126"]
[White "Smietanska, Wiktoria"]
[Black "Sherman, Raem"]
[Result "1/2-1/2"]
[WhiteElo "2248"]
[BlackElo "2391"]
[EventDate "2026.04.07"]
[PlyCount "79"]

1.e4 e6 2.d4 d5 3.Nd2 c5 4.exd5 Qxd5 5.dxc5 Nf6 6.Ngf3 Qxc5 7.Bd3 Nbd7 8.
O-O Be7 9.a4 O-O 10.a5 Qc7 11.c3 b6 12.axb6 Nxb6 13.c4 Rd8 14.Qe2 Bb7 15.
b3 Bb4 16.Ne4 Nxe4 17.Bxe4 Bxe4 18.Qxe4 Nd7 19.Bf4 Qb6 20.Rfd1 Nc5 21.Qc2 
f6 22.Be3 e5 23.Nh4 Qc7 24.Nf5 a5 25.h4 g6 26.Ng3 Qc6 27.h5 Kf7 28.Bxc5 
Qxc5 29.Ne4 Qc6 30.c5 Kg7 31.Qc4 Rd7 32.Rxd7+ Qxd7 33.h6+ Kxh6 34.Nxf6 Qd4
35.Rc1 Kg7 36.Ne4 Ba3 37.Rc3 Bb4 38.Rc1 Ba3 39.Rc3 Bb4 40.Rc1 1/2-1/2

[Event "26th EUR-ch"]
[Site "Katowice POL"]
[Date "2026.04.13"]
[Round "6.127"]
[White "Maltezeanu, Stefan"]
[Black "Lazov, Toni"]
[Result "0-1"]
[WhiteElo "2245"]
[BlackElo "2389"]
[EventDate "2026.04.07"]
[PlyCount "140"]

1.d4 Nf6 2.c4 e6 3.Nc3 Bb4 4.Qc2 d6 5.g3 O-O 6.Bg2 e5 7.dxe5 dxe5 8.a3 Be7
9.Nf3 Nbd7 10.O-O c6 11.b3 Re8 12.Bb2 Bd6 13.Rad1 Qe7 14.b4 Bc7 15.Nd2 Nf8
16.c5 Rd8 17.Nc4 Be6 18.Ne4 Nxe4 19.Bxe4 f6 20.Ne3 Qf7 21.Qc3 f5 22.Bg2 
Ng6 23.Bh3 h5 24.Kh1 Ne7 25.Qc1 Bb3 26.Rde1 a5 27.Qb1 Ba2 28.Qc2 axb4 29.
axb4 g6 30.Ra1 Qb3 31.Qc3 Qxc3 32.Bxc3 Kf7 33.Rfd1 Rxd1+ 34.Rxd1 Ke6 35.
Bg2 Ra3 36.Rc1 f4 37.Nd1 Bd5 38.e4 Bb3 39.Nb2 g5 40.Bf1 f3 41.Nc4 Bxc4 42.
Bxc4+ Kf6 43.Bb2 Ra4 44.Bc3 b5 45.Bb3 Ra3 46.Rb1 Ng6 47.Bd2 Nf8 48.Bc1 Ra8
49.h4 gxh4 50.gxh4 Ne6 51.Bd1 Nd4 52.Be3 Ra3 53.Kh2 Ne2 54.Rb2 Kf7 55.Bb3+
Ke8 56.Be6 Bd8 57.Kh3 Ra1 58.Kh2 Bxh4 59.Rd2 Nd4 60.Bxd4 exd4 61.Rxd4 Bxf2
62.Rd3 Bg1+ 63.Kg3 f2 64.Bh3 f1=Q 65.Bxf1 Rxf1 66.Rd6 Rb1 67.Rxc6 Rxb4 68.
Kf4 Rc4 69.Re6+ Kd7 70.Rg6 Bxc5 0-1

[Event "26th EUR-ch"]
[Site "Katowice POL"]
[Date "2026.04.13"]
[Round "6.128"]
[White "Prisacaru, Stefan-Emilian"]
[Black "Svanda, Ondrej"]
[Result "1-0"]
[WhiteElo "2243"]
[BlackElo "2385"]
[EventDate "2026.04.07"]
[PlyCount "87"]

1.d4 Nf6 2.c4 e6 3.Nf3 h6 4.Nc3 Bb4 5.Bd2 c5 6.a3 Bxc3 7.Bxc3 Ne4 8.Qc2 
Nxc3 9.Qxc3 cxd4 10.Qxd4 Qf6 11.Qxf6 gxf6 12.c5 b6 13.cxb6 axb6 14.Nd2 d5 
15.e3 Nd7 16.Rc1 Ke7 17.Nb3 Ne5 18.f4 Ng4 19.Rc7+ Kd6 20.Rxf7 Nxe3 21.Kd2 
Nxf1+ 22.Rxf1 Ba6 23.Rc1 Rhf8 24.Rcc7 Rxf7 25.Rxf7 Rg8 26.g3 Rg6 27.Nd4 
Bc8 28.Nb5+ Kc5 29.Na7 Ba6 30.b4+ Kc4 31.Rc7+ Kb3 32.b5 Bxb5 33.Nxb5 e5 
34.f5 Rg5 35.Nd6 h5 36.Rb7 h4 37.Rxb6+ Kxa3 38.Nb5+ Kb4 39.Nc3+ Kc4 40.
Rc6+ Kd4 41.Rxf6 hxg3 42.Ne2+ Ke4 43.Nxg3+ Kf4 44.Rg6 1-0

[Event "26th EUR-ch"]
[Site "Katowice POL"]
[Date "2026.04.13"]
[Round "6.129"]
[White "Yordanov, Lachezar"]
[Black "Antolak, Julia"]
[Result "0-1"]
[WhiteElo "2384"]
[BlackElo "2223"]
[EventDate "2026.04.07"]
[PlyCount "108"]

1.e4 c5 2.Nf3 d6 3.d4 cxd4 4.Nxd4 Nf6 5.Nc3 Nc6 6.Bg5 e6 7.f4 Bd7 8.Qd2 a6
9.O-O-O h6 10.Bh4 Be7 11.Be2 Qc7 12.Kb1 Rc8 13.g4 Nxd4 14.Qxd4 e5 15.Qd2 
exf4 16.g5 hxg5 17.Bxg5 Be6 18.Bxf4 Qa5 19.Nd5 Qxd2 20.Nxf6+ Bxf6 21.Bxd2 
Ke7 22.Bb4 Be5 23.h4 g6 24.Bd2 Rh7 25.Bf3 Rch8 26.Rhg1 f6 27.Rxg6 Bf7 28.
Rgg1 Rxh4 29.a3 Rh2 30.Ba5 Rf2 31.Rgf1 Rhh2 32.Rxf2 Rxf2 33.Bh1 Bg6 34.Bb6
Rh2 35.Bf3 Rh4 36.Re1 Rf4 37.Bh1 Kf7 38.Be3 Rh4 39.Bb6 Rh2 40.Bf3 Rh4 41.
Re2 Rh3 42.Bg4 Rh1+ 43.Ka2 Ke7 44.c4 Rh4 45.Bf3 Bf7 46.Rc2 Be6 47.b3 Rh3 
48.Bg2 Rd3 49.a4 Bg4 50.c5 Be6 51.cxd6+ Ke8 52.Bf1 Bxb3+ 53.Ka3 Bxc2+ 54.
Bxd3 Bxd3 0-1

[Event "26th EUR-ch"]
[Site "Katowice POL"]
[Date "2026.04.13"]
[Round "6.130"]
[White "Niedbala, Bartlomiej"]
[Black "Rodriguez Redondo, Adhara"]
[Result "1-0"]
[WhiteElo "2382"]
[BlackElo "2203"]
[EventDate "2026.04.07"]
[PlyCount "113"]

1.Nf3 d5 2.g3 Nf6 3.Bg2 e6 4.O-O Be7 5.d3 O-O 6.Nc3 d4 7.Ne4 Nc6 8.Ned2 e5
9.Nc4 Bd6 10.e4 dxe3 11.Bxe3 h6 12.h3 Be6 13.Nfd2 Nd5 14.Nxd6 cxd6 15.Qe2 
Qd7 16.Kh2 f5 17.f4 Rae8 18.Bg1 Nf6 19.fxe5 dxe5 20.Bc5 Rf7 21.Rae1 Bd5 
22.Bg1 Rff8 23.Qf2 g6 24.Nf3 Nh5 25.c4 Bf7 26.Qd2 Kh7 27.Bc5 Rg8 28.Bf2 
Qc7 29.Nh4 Nd4 30.Kg1 g5 31.Nf3 Nc6 32.Nh2 e4 33.g4 Nf4 34.gxf5 exd3 35.
Ng4 Qd8 36.Bxc6 bxc6 37.Qc3 Ne2+ 38.Rxe2 dxe2 39.Re1 h5 40.Nf6+ Kh6 41.
Nxg8+ Rxg8 42.Rxe2 g4 43.h4 g3 44.Be3+ Kh7 45.Bg5 Qd6 46.Kg2 c5 47.Re7 Rf8
48.b3 Qd1 49.Qf3 Qc2+ 50.Kxg3 Kg8 51.Re2 Qd1 52.Rg2 Qe1+ 53.Kh2 Kh7 54.Qc6
Qe5+ 55.Kh1 Qa1+ 56.Rg1 Qg7 57.Bf4 1-0

[Event "26th EUR-ch"]
[Site "Katowice POL"]
[Date "2026.04.13"]
[Round "6.131"]
[White "Mierins, Emils Janis"]
[Black "Vagman, Roy"]
[Result "1/2-1/2"]
[WhiteElo "2223"]
[BlackElo "2377"]
[EventDate "2026.04.07"]
[PlyCount "36"]

1.e4 c5 2.Nf3 d6 3.Bb5+ Nd7 4.c4 Nf6 5.Nc3 g6 6.d4 cxd4 7.Nxd4 Bg7 8.O-O 
O-O 9.h3 Nb6 10.Qe2 Qc7 11.a4 a6 12.a5 Nbd7 13.Bxd7 Bxd7 14.Be3 Bc6 15.Qc2
Rac8 16.Rfd1 Rfe8 17.b3 Nd7 18.Ra2 Nc5 1/2-1/2

[Event "26th EUR-ch"]
[Site "Katowice POL"]
[Date "2026.04.13"]
[Round "6.133"]
[White "Arat, Ufuk Sezen"]
[Black "Mizzi, Jack"]
[Result "1-0"]
[WhiteElo "2372"]
[BlackElo "2192"]
[EventDate "2026.04.07"]
[PlyCount "83"]

1.e4 c6 2.Nf3 d5 3.Nc3 Bg4 4.h3 Bxf3 5.Qxf3 e6 6.Be2 Nd7 7.d4 dxe4 8.Nxe4 
Ngf6 9.Nxf6+ Nxf6 10.c3 Bd6 11.O-O h6 12.b4 Qe7 13.b5 c5 14.dxc5 Bxc5 15.
c4 O-O 16.Bb2 Rfd8 17.Rad1 e5 18.Bd3 Bd4 19.Ba3 Qc7 20.c5 Qa5 21.c6 bxc6 
22.bxc6 e4 23.Bxe4 Nxe4 24.Qxe4 Bxf2+ 25.Kxf2 Qxa3 26.Qc4 Re8 27.Rd3 Qe7 
28.Kg1 Qe6 29.Qxe6 Rxe6 30.c7 Ree8 31.Rfd1 Rec8 32.Rd8+ Kh7 33.R1d6 f6 34.
Kf2 Kg6 35.Ke3 Kf5 36.g4+ Ke5 37.Rd5+ Ke6 38.Ke4 a5 39.a4 g6 40.R8d6+ Kf7 
41.Rd7+ Kg8 42.R5d6 1-0

[Event "26th EUR-ch"]
[Site "Katowice POL"]
[Date "2026.04.13"]
[Round "6.134"]
[White "Hulka, Valentyn"]
[Black "Udelnov, Valentin"]
[Result "1-0"]
[WhiteElo "2372"]
[BlackElo "2186"]
[EventDate "2026.04.07"]
[PlyCount "133"]

1.d4 Nf6 2.c4 e6 3.Nf3 d5 4.g3 Bb4+ 5.Bd2 Bd6 6.Bg2 O-O 7.Qc2 c6 8.Nc3 
Nbd7 9.b3 dxc4 10.bxc4 e5 11.O-O exd4 12.Nxd4 Ne5 13.Rad1 h6 14.Na4 Ng6 
15.Bc1 Qe7 16.c5 Be5 17.e4 Rd8 18.Bb2 Nf8 19.Nxc6 bxc6 20.Rxd8 Bxb2 21.
Rxc8 Rxc8 22.Qxb2 Ne6 23.e5 Nd5 24.Qc2 Qc7 25.Qe4 Qa5 26.Rb1 Nxc5 27.Nxc5 
Qxc5 28.e6 Qe7 29.exf7+ Qxf7 30.Bh3 Re8 31.Qc4 Qf6 32.Bd7 Rf8 33.Rf1 Kh8 
34.Bxc6 Rc8 35.Qxd5 Rxc6 36.Re1 Rc8 37.Qd7 Qa6 38.h4 Rg8 39.Qf7 Qb6 40.Re6
Qb1+ 41.Kg2 a5 42.a4 Qc2 43.Qf4 Rc8 44.Qe5 Rc6 45.Re8+ Kh7 46.Rf8 Rc4 47.
Re8 Rc6 48.Re7 Rg6 49.Qxa5 Rf6 50.Qa7 Qc6+ 51.Kh2 Qc2 52.Rxg7+ Kh8 53.Rf7 
Rxf7 54.Qxf7 Qxa4 55.Qg6 Qd4 56.Qxh6+ Kg8 57.Qe3 Qd1 58.Kg2 Kh8 59.Qf3 Qd7
60.h5 Qe7 61.Qf5 Qb7+ 62.Kh2 Qf7 63.Qe5+ Kh7 64.Qe4+ Kh8 65.Qf4 Qe6 66.h6 
Kh7 67.Qg5 1-0

[Event "26th EUR-ch"]
[Site "Katowice POL"]
[Date "2026.04.13"]
[Round "6.135"]
[White "Lecki, Leonard"]
[Black "Aslanov, Umid"]
[Result "0-1"]
[WhiteElo "2189"]
[BlackElo "2368"]
[EventDate "2026.04.07"]
[PlyCount "82"]

1.d4 d5 2.Nf3 Nf6 3.e3 e6 4.b3 Be7 5.Bb2 c5 6.Nbd2 Nc6 7.dxc5 Bxc5 8.Bd3 
Qe7 9.c4 O-O 10.a3 a5 11.O-O b6 12.Qe2 Bb7 13.cxd5 Nxd5 14.Ne4 h6 15.Nxc5 
Qxc5 16.Rac1 Qe7 17.Bb1 Rac8 18.Qd3 g6 19.Rfd1 Rfd8 20.Qe4 Kh7 21.h4 f5 
22.Qa4 e5 23.h5 e4 24.hxg6+ Kxg6 25.g4 Kf7 26.Nd4 Nxd4 27.Qxd4 Qg5 28.f3 
Nxe3 29.Rc7+ Rxc7 30.Qxd8 Qxd8 31.Rxd8 exf3 32.Bxf5 Bd5 33.Bd4 Nxf5 34.
gxf5 Rc1+ 35.Kf2 Rc2+ 36.Kg3 Rg2+ 37.Kh3 Be4 38.Rd7+ Ke8 39.Rc7 Bxf5+ 40.
Kh4 Rg4+ 41.Kh5 Rxd4 0-1

[Event "26th EUR-ch"]
[Site "Katowice POL"]
[Date "2026.04.13"]
[Round "6.136"]
[White "Plichta, Kamil"]
[Black "Ugorek, Kacper"]
[Result "1-0"]
[WhiteElo "2361"]
[BlackElo "2181"]
[EventDate "2026.04.07"]
[PlyCount "47"]

1.d4 d5 2.Nf3 e6 3.Bf4 Nf6 4.e3 c5 5.c3 Nc6 6.Nbd2 Bd6 7.Bg3 O-O 8.Bd3 b6 
9.e4 dxe4 10.Nxe4 Nxe4 11.Bxe4 Bb7 12.Qa4 Na5 13.dxc5 Bxc5 14.Rd1 Qf6 15.
Bh4 Qh6 16.Bg5 Qh5 17.g4 Bxe4 18.gxh5 Bxf3 19.Rg1 Bxd1 20.Bf6 Rfd8 21.Qe8+
Rxe8 22.Rxg7+ Kf8 23.Rxh7 Red8 24.Rh8# 1-0

[Event "26th EUR-ch"]
[Site "Katowice POL"]
[Date "2026.04.13"]
[Round "6.137"]
[White "Bitbol-Delaveyne, Maelan"]
[Black "Beydullayeva, Govhar"]
[Result "0-1"]
[WhiteElo "2181"]
[BlackElo "2358"]
[EventDate "2026.04.07"]
[PlyCount "116"]

1.Nf3 c5 2.g3 Nc6 3.Bg2 g6 4.c4 Bg7 5.Nc3 d6 6.O-O Be6 7.d3 Qc8 8.Be3 Bh3 
9.Qd2 h5 10.Bxh3 Qxh3 11.Ng5 Qd7 12.h4 Nh6 13.Kg2 Nf5 14.Rab1 f6 15.Nh3 
Nxe3+ 16.Qxe3 e5 17.a3 O-O 18.Qf3 Kh8 19.e3 f5 20.Rfc1 Bh6 21.b4 b6 22.Nd5
Rae8 23.Nc3 f4 24.Qe4 Ne7 25.bxc5 dxc5 26.a4 Nf5 27.Re1 fxe3 28.fxe3 Rd8 
29.Rbd1 Qg7 30.Kh2 Nd6 31.Qg2 Nf5 32.Ng5 Bxg5 33.hxg5 Qe7 34.Ne4 Nd6 35.
Nf6 Nf7 36.Nd5 Qxg5 37.a5 Nh6 38.Rf1 Ng4+ 39.Kh1 bxa5 40.Rxf8+ Rxf8 41.Rf1
Rxf1+ 42.Qxf1 Qf5 43.Kg1 Qxf1+ 44.Kxf1 a4 45.Ke2 a3 46.Nc3 Kg7 47.Kf3 Nf6 
48.Na2 g5 49.Nc1 Kf7 50.Kf2 Ke7 51.Ke2 Kd6 52.Kd2 h4 53.gxh4 gxh4 54.Ke2 
h3 55.Kf3 h2 56.Kg2 Ng4 57.Nb3 a2 58.Na1 a5 0-1

[Event "26th EUR-ch"]
[Site "Katowice POL"]
[Date "2026.04.13"]
[Round "6.138"]
[White "Morkunas, Gustas"]
[Black "Lorscheid, Gerhard"]
[Result "1-0"]
[WhiteElo "2350"]
[BlackElo "2150"]
[EventDate "2026.04.07"]
[PlyCount "115"]

1.e4 d6 2.d4 Nf6 3.Nc3 e5 4.Nf3 Nbd7 5.Rg1 g6 6.g4 exd4 7.Nxd4 Bg7 8.Be2 
Nc5 9.f3 Ne6 10.Be3 Nxd4 11.Bxd4 O-O 12.Qd2 Be6 13.O-O-O c5 14.Be3 Qa5 15.
a3 Rfd8 16.g5 Ne8 17.Nd5 Qa4 18.Qd3 Bxd5 19.Qxd5 b5 20.Rg4 b4 21.Qb3 Qxb3 
22.cxb3 bxa3 23.bxa3 Nc7 24.Bc4 Ne6 25.h4 Rab8 26.Kc2 Rbc8 27.Kd3 Bd4 28.
Bxd4 Nxd4 29.Rf4 Rc7 30.Rf6 Kg7 31.Kc3 h6 32.f4 Re7 33.Kd3 hxg5 34.fxg5 
Nc6 35.Ke3 Nd4 36.Bd5 Nc2+ 37.Kd2 Nxa3 38.Rdf1 Rf8 39.h5 gxh5 40.g6 Nb5 
41.gxf7 Nc7 42.Bc4 d5 43.exd5 Rexf7 44.Rxf7+ Rxf7 45.Rg1+ Kh6 46.Ke3 Ne8 
47.Ke4 Re7+ 48.Kf4 Nd6 49.Bd3 Rg7 50.Ra1 Rg4+ 51.Ke5 Rd4 52.Kxd6 Rxd3 53.
Rb1 Kg5 54.Kc6 Kf4 55.d6 Ke3 56.d7 Kd2 57.Rh1 Kc2 58.Rxh5 1-0

[Event "26th EUR-ch"]
[Site "Katowice POL"]
[Date "2026.04.13"]
[Round "6.139"]
[White "Senel, Hayri Beyhun"]
[Black "Zielonka, Adam"]
[Result "0-1"]
[WhiteElo "2172"]
[BlackElo "2350"]
[EventDate "2026.04.07"]
[PlyCount "110"]

1.d4 Nf6 2.Bf4 e6 3.e3 c5 4.Nf3 Be7 5.h3 b6 6.Be2 O-O 7.O-O Ba6 8.Nbd2 
Bxe2 9.Qxe2 Nc6 10.c3 cxd4 11.exd4 Qc8 12.a4 Qb7 13.Bh2 a6 14.Ne5 d6 15.
Nd3 b5 16.Ne4 Nxe4 17.Qxe4 d5 18.Qe2 b4 19.Rab1 Qd7 20.Qd2 bxc3 21.bxc3 
Na5 22.Qa2 Rfc8 23.Ne5 Qa7 24.Rfc1 Nc4 25.Rb3 Na5 26.Rbb1 Bd6 27.Nd3 Bxh2+
28.Kxh2 Rc7 29.Nc5 Rac8 30.Kg1 h6 31.Rb4 Nb7 32.Nxb7 Rxb7 33.Rxb7 Qxb7 34.
Rb1 Qc7 35.Rb3 Qc4 36.Qa3 Qe2 37.g3 h5 38.h4 a5 39.Kg2 Qe4+ 40.Kh2 Qc2 41.
Kg2 Kh7 42.Kg1 Rc6 43.Kg2 Rc8 44.Kg1 e5 45.dxe5 d4 46.Qb2 Qxb2 47.Rxb2 
dxc3 48.Rc2 Kg6 49.Kf1 Kf5 50.Ke2 Kxe5 51.Kd3 Kd5 52.Rxc3 Rxc3+ 53.Kxc3 
Kc5 54.f3 f5 55.f4 g6 0-1

[Event "26th EUR-ch"]
[Site "Katowice POL"]
[Date "2026.04.13"]
[Round "6.140"]
[White "Shpanko, Nadiia"]
[Black "Vijayakumar, Rishi"]
[Result "1/2-1/2"]
[WhiteElo "2166"]
[BlackElo "2347"]
[EventDate "2026.04.07"]
[PlyCount "54"]

1.d4 Nf6 2.c4 e6 3.Nf3 d5 4.g3 Bb4+ 5.Nbd2 a5 6.a3 Be7 7.b3 O-O 8.Bg2 c5 
9.Bb2 cxd4 10.cxd5 exd5 11.Nxd4 Qb6 12.O-O Nc6 13.e3 Bg4 14.Qb1 Nxd4 15.
Bxd4 Qe6 16.Qd3 h5 17.h4 Rfc8 18.Rfe1 Bh3 19.Bxh3 Qxh3 20.Bxf6 Bxf6 21.
Rac1 Qg4 22.Kh2 Bb2 23.Rxc8+ Rxc8 24.Qxd5 Bxa3 25.Nf3 Bf8 26.Ng5 Rc7 27.
Rd1 g6 1/2-1/2

[Event "26th EUR-ch"]
[Site "Katowice POL"]
[Date "2026.04.13"]
[Round "6.141"]
[White "Hnatyshyn, Anastasiia"]
[Black "Yeritsian, Hayk"]
[Result "1-0"]
[WhiteElo "2164"]
[BlackElo "2342"]
[EventDate "2026.04.07"]
[PlyCount "113"]

1.e4 e5 2.Nf3 Nc6 3.Bc4 Nf6 4.d3 Bc5 5.c3 d6 6.O-O a5 7.a4 O-O 8.Qb3 h6 9.
h3 Bb6 10.Be3 Bxe3 11.fxe3 Ne7 12.Nbd2 Ng6 13.Rf2 c6 14.d4 Qe7 15.Raf1 Bd7
16.Nh2 Rab8 17.Qd1 d5 18.exd5 cxd5 19.Ba2 b5 20.axb5 Rxb5 21.b3 Rb6 22.Bb1
e4 23.c4 Be6 24.Bc2 Qc7 25.c5 Rb4 26.Qe2 Qg3 27.Kh1 a4 28.bxa4 Rb2 29.Rc1 
Ra8 30.Ndf1 Qg5 31.Qe1 Nh4 32.Qc3 Ra2 33.Rd2 Nh5 34.Bd1 Rxd2 35.Qxd2 Ng3+ 
36.Nxg3 Qxg3 37.Nf1 Qg5 38.c6 Bc8 39.c7 Kh7 40.Qf2 Ra6 41.Qg3 Qe7 42.Rc5 
Rg6 43.Qe5 Qxe5 44.dxe5 Rxg2 45.Bg4 Ba6 46.c8=Q Bxc8 47.Bxc8 Rf2 48.Rc1 
Ra2 49.Bb7 Rxa4 50.Bxd5 Nf3 51.e6 fxe6 52.Bxe6 Kg6 53.Kg2 h5 54.Ng3 Rb4 
55.Bf5+ Kg5 56.Nxe4+ Kxf5 57.Ng3+ 1-0